<?xml version="1.0" encoding="UTF-8"?>
<record
    xmlns:xsi="http://www.w3.org/2001/XMLSchema-instance"
    xsi:schemaLocation="http://www.loc.gov/MARC21/slim http://www.loc.gov/standards/marcxml/schema/MARC21slim.xsd"
    xmlns="http://www.loc.gov/MARC21/slim">

  <leader>     nam a22     7a 4500</leader>
  <datafield tag="999" ind1=" " ind2=" ">
    <subfield code="c">336450</subfield>
    <subfield code="d">336450</subfield>
  </datafield>
  <controlfield tag="003">IT-MiCISF</controlfield>
  <controlfield tag="005">20170228120704.0</controlfield>
  <controlfield tag="008">170228b        xxu||||| |||| 00| 0 eng d</controlfield>
  <datafield tag="040" ind1=" " ind2=" ">
    <subfield code="c">IT-MiCISF</subfield>
  </datafield>
  <datafield tag="041" ind1=" " ind2=" ">
    <subfield code="a">it</subfield>
  </datafield>
  <datafield tag="100" ind1=" " ind2=" ">
    <subfield code="a">Cavallo Roberta</subfield>
    <subfield code="9">56206</subfield>
  </datafield>
  <datafield tag="245" ind1=" " ind2=" ">
    <subfield code="a">Sei un bravo genitore se...</subfield>
    <subfield code="b">Corso di autostima per mamme e pap&#xE0;</subfield>
  </datafield>
  <datafield tag="260" ind1=" " ind2=" ">
    <subfield code="a">Milano</subfield>
    <subfield code="b">Mondadori</subfield>
    <subfield code="c">2016</subfield>
  </datafield>
  <datafield tag="300" ind1=" " ind2=" ">
    <subfield code="a">pp. 211</subfield>
  </datafield>
  <datafield tag="500" ind1=" " ind2=" ">
    <subfield code="a">genitorialit&#xE0;, educazione-genitori</subfield>
  </datafield>
  <datafield tag="501" ind1=" " ind2=" ">
    <subfield code="a">Tuo figlio reclama le tue attenzioni, vuole sempre stare con te, la sua crescita richiede molto tempo e molta organizzazione quotidiana. Ma come puoi occuparti di lui al meglio se tu per primo non ti senti appagato dalla vita, se non hai fatto i conti con le ferite del passato, se non sai trovare il giusto equilibrio tra famiglia e lavoro? Come puoi trovare le energie e l'ispirazione per dedicarti a tuo figlio, se innanzitutto non sai trovare il tempo per te stesso? Con suggerimenti pratici, storie e aneddoti appresi direttamente sul campo, gli autori offrono soluzioni concrete per risolvere le pi&#xF9; diffuse difficolt&#xE0; dei genitori di oggi,  per essere un genitore felice, che non perde il controllo, in grado di conciliare famiglia, lavoro e realizzazione personale. Perch&#xE9; se un bambino vive accanto a un adulto sereno, maturo e appagato non potr&#xE0; che diventare come lui.</subfield>
  </datafield>
  <datafield tag="650" ind1=" " ind2=" ">
    <subfield code="a">genitorialit&#xE0;</subfield>
    <subfield code="9">56044</subfield>
  </datafield>
  <datafield tag="654" ind1=" " ind2=" ">
    <subfield code="a">manuale</subfield>
  </datafield>
  <datafield tag="700" ind1=" " ind2=" ">
    <subfield code="a">Panarese Antonio</subfield>
    <subfield code="9">56207</subfield>
  </datafield>
  <datafield tag="942" ind1=" " ind2=" ">
    <subfield code="2">ddc</subfield>
    <subfield code="c">BK</subfield>
  </datafield>
  <datafield tag="952" ind1=" " ind2=" ">
    <subfield code="0">0</subfield>
    <subfield code="1">0</subfield>
    <subfield code="2">ddc</subfield>
    <subfield code="4">0</subfield>
    <subfield code="6">B_7310_000000000000000</subfield>
    <subfield code="7">1</subfield>
    <subfield code="a">CISF</subfield>
    <subfield code="b">CISF</subfield>
    <subfield code="d">2017-02-28</subfield>
    <subfield code="l">0</subfield>
    <subfield code="o">b7310</subfield>
    <subfield code="p">9788804661597</subfield>
    <subfield code="r">2017-02-28 00:00:00</subfield>
    <subfield code="w">2017-02-28</subfield>
    <subfield code="y">BK</subfield>
  </datafield>
</record>
